| 000 | 00477pab a2200193 454500 | ||
|---|---|---|---|
| 008 | 180718b2009 xxu||||| |||| 00| 0 eng d | ||
| 100 | _aRobinson, Piers | ||
| 245 | _aUK media and media management during the 2003 invasion of Iraq | ||
| 260 | _c2009 | ||
| 300 | _ap.678-88. | ||
| 362 | _aJan | ||
| 650 | _aWar | ||
| 650 | _aMass media | ||
| 700 | _aParry, Katy | ||
| 700 | _aGoddard, Peter | ||
| 773 | _aAmerican Behavioral Scientist | ||
| 908 | _aN | ||
| 909 | _a81028 | ||
| 999 |
_c81028 _d81028 |
||